Svenska hockeyspelare i trippelguldklubben - Statistics

General Stats
  • This quiz has been taken 38 times
  • The average score is 4 of 9
Answer Stats
Spelare % Correct
Peter Forsberg
93%
Nicklas Lidström
71%
Håkan Loob
57%
Henrik Zetterberg
46%
Tomas Jonsson
36%
Mats Näslund
25%
Niklas Kronwall
21%
Mikael Samuelsson
18%
Fredrik Modin
11%
No matching quizzes found
Score Distribution
Percent of People with Each Score
Percentile by Number Answered
Your Score History
You have not taken this quiz